Filmes Disney Animation Studios (atualizado 2025) - Statistics

Estatísticas Gerais
  • Esse quiz foi jogado 259 vezes
    3 desde o último reset
  • A pontuação média é 33 de 66
Estatísticas das Respostas
Hint Resposta % Correto
17 101 Dálmatas
100%
30 A Bela e a Fera
100%
31 Aladdin
100%
28 A Pequena Sereia
100%
49 A Princesa e o Sapo
100%
05 Bambi
100%
01 Branca de Neve e os Sete Anões
100%
12 Cinderela
100%
35 Hércules
100%
56 Moana
100%
36 Mulan
100%
32 O Rei Leão
100%
16 A Bela Adormecida
67%
47 A Família do Futuro
67%
06 Alô, Amigos
67%
41 Atlantis
67%
23 Bernardo e Bianca
67%
52 Detona Ralph
67%
39 Dinossauro
67%
04 Dumbo
67%
60 Encanto
67%
50 Enrolados
67%
03 Fantasia
67%
38 Fantasia 2000
67%
53 Frozen
67%
58 Frozen 2
67%
63 Moana 2
67%
24 O Cão e a Raposa
67%
34 O Corcunda de Notre Dame
67%
46 O Galinho Chicken Little
67%
14 Peter Pan
67%
02 Pinóquio
67%
33 Pocahontas
67%
57 WiFi Ralph
67%
62 Wish
67%
18 A Espada era a Lei
33%
40 A Nova Onda do Imperador
33%
20 Aristogatas
33%
22 As Muitas Aventuras do Ursinho Pooh
33%
48 Bolt
33%
42 Lilo & Stitch
33%
19 Mogli: O Menino Lobo
33%
61 Mundo Estranho
33%
45 Nem que a Vaca Tussa
33%
54 Operação Big Hero
33%
59 Raya e o Último Dragão
33%
21 Robin Hood
33%
37 Tarzan
33%
51 Winnie the Pooh
33%
55 Zootopia
33%
64 Zootopia 2
33%
15 A Dama e o Vagabundo
0%
13 Alice no País das Maravilhas
0%
11 As Aventuras de Ichabod e Sr. Sapo
0%
26 As Peripécias do Ratinho Detetive
0%
29 Bernardo e Bianca na Terra dos Cangurus
0%
09 Como é Bom se Divertir
0%
66 Frozen 3
0%
65 Hexed
0%
44 Irmão Urso
0%
08 Música, Maestro!
0%
25 O Caldeirão Mágico
0%
27 Oliver e sua Turma
0%
43 Planeta do Tesouro
0%
10 Tempo de Melodia
0%
07 Você Já Foi à Bahia
0%
Nenhum quiz correspondente encontrado
Distribuição das Pontuações
Porcentagem de Pessoas com Cada Pontuação
Percentil de Números Respondidos
Sua Pontuação Histórica
Você não jogou esse quiz desde o último reset